000 00699nam a2200289Ia 4500
005 20260324142037.0
008 008 260324s9999 xx 000 0 eng d
020 _a9781315041179
037 _aEBOOK
040 _aCRL
040 _beng
040 _cCRL
041 _2eng
041 _aeng
084 _qCRL
100 _aPenny Tinkler
_9873230
245 0 _aConstructing Girlhood
245 0 _bPopular Magazines For Girls Growing Up In England, 1920-1950
260 _bTaylor and Francis
260 _c1996
365 _a
365 _b230
856 _uhttp://www.taylorfrancis.com/books/9781315041179
942 _cEBOOK
999 _c1814220
_d1814220